00868nam a22002177a 450000500170000000800410001704000070005804100080006508200180007310000120009124500160010325000060011926000420012530000320016736500420019952003010024165000080054265000520055065000220060265000260062420250404171450.0250404b |||||||| |||| 00| 0 eng d cAL aeng 223a345bRAOT aC R Rao aTrusts Ed 3 a3 aBangalore bPuliani and Pulianic2025 acxxxii,2453p.bHBc24x16cm. 2Lawa1791b2551.35c₹d3495.00e27% aThe book provides a comprehensive guide on the creation, formation, and administration of various types of trusts, including public, private, charitable, religious, educational, NGOs, and societies. It covers the Indian Trusts Act, Bombay Public Trusts Act, and other relevant legal frameworks.  aLaw aPublic Private Charitable Religious Educational aIndian Trusts Act aNGOs Clubls Societies